00301nam a2200133Ia 4500003000400000005001700004008004100021020001800062040000900080100002000089245003100109260001800140260000900158OSt20231211070140.0170524s9999 xx 000 0 und d a81-7391-233-5 ciimt aRatandeep Singh 0aDynamics of modern tourism bKanishka Pub. c1998